01484nam a22003257a 4500001000400000003000600004005001700010008004100027020001800068040008100086042001400167050002400181082001700205100002000222245004500242260005200287300003300339490004100372505017900413520019300592521001800785521001800803650003900821650003800860830004200898906004500940942001500985999001301000952014501013390FISKH20230406102107.0230406b cb ||||| |||| 00| 0 eng d a9780545644679 aBTCTAbengcBTCTAdBDXdDCHdIFJdCO2dOCPdUKMGBdNYPdWL8dKCPdDLCdFISKH alccopycat00aQL544.2b.M258 201204a595.78/92231 aMarsh, Laura F.10aCaterpillar to butterfly /cLaura Marsh. aWashington, D.C. :bNational Geographic,c2012. a32 p. :bcol. ill. ;c24 cm.1 aNational Geographic readers. Level 10 aRiddle -- Beautiful butterflies -- Four stages -- Time for lunch! -- Cool butterfly facts -- Back off! -- Moth or butterfly? -- Bring butterflies to you -- What in the world? aIntroduces readers to butterflies and the process by which they go from being an egg, to a caterpillar, to a chrysalis, and finally to a butterfly--csource other than Library of Congress.8 a470 bLexile8 aH bRaz-Plus 0aCaterpillarsvJuvenile literature. 0aButterfliesvJuvenile literature. 0aNational Geographic readers.nLevel 1 a7bcbcccopycatd3encipf20gy-gencatlg 2ddccBKn0 c390d390 00102ddc40708NFICa001b001cTK Blued2023-04-06l5oMAR 595.78 QL544.M258 pFISBK02633r2025-02-13 08:41:41s2025-02-05w2023-04-06yBK